Verteilungswirkungen des Erneuerbare-Energien-Gesetzes
Gespeichert in:
| Weitere Verfasser: | , |
|---|---|
| Dokumenttyp: | Article (Journal) |
| Sprache: | Deutsch |
| Veröffentlicht: |
2012
|
| In: |
Wirtschaftsdienst
Year: 2012, Jahrgang: 92, Heft: 8, Pages: 507-519 |
| ISSN: | 1613-978X |
| DOI: | 10.1007/s10273-012-1413-0 |
| Online-Zugang: | Resolving-System, kostenfrei, Volltext: http://dx.doi.org/10.1007/s10273-012-1413-0 |
| Verfasserangaben: | Holger Techert, Judith Niehues, Hubertus Bardt, Erik Gawel, Klaas Korte, Andreas Löschel, Florens Flues, Peter Heindl |
MARC
| LEADER | 00000caa a22000002c 4500 | ||
|---|---|---|---|
| 001 | 1496465849 | ||
| 003 | DE-627 | ||
| 005 | 20220811185742.0 | ||
| 007 | cr uuu---uuuuu | ||
| 008 | 150218s2012 xx |||||o 00| ||ger c | ||
| 024 | 7 | |a 10.1007/s10273-012-1413-0 |2 doi | |
| 035 | |a (DE-627)1496465849 | ||
| 035 | |a (DE-576)426465849 | ||
| 035 | |a (DE-599)BSZ426465849 | ||
| 035 | |a (OCoLC)1340661149 | ||
| 040 | |a DE-627 |b ger |c DE-627 |e rakwb | ||
| 041 | |a ger | ||
| 084 | |a 17 |2 sdnb | ||
| 245 | 0 | 0 | |a Verteilungswirkungen des Erneuerbare-Energien-Gesetzes |c Holger Techert, Judith Niehues, Hubertus Bardt, Erik Gawel, Klaas Korte, Andreas Löschel, Florens Flues, Peter Heindl |
| 264 | 1 | |c 2012 | |
| 300 | |a 13 | ||
| 336 | |a Text |b txt |2 rdacontent | ||
| 337 | |a Computermedien |b c |2 rdamedia | ||
| 338 | |a Online-Ressource |b cr |2 rdacarrier | ||
| 500 | |a Gesehen am 18.02.2015 | ||
| 700 | 1 | |a Techert, Holger |d 1983- |0 (DE-588)1019149418 |0 (DE-627)68420004X |0 (DE-576)357064135 |4 oth | |
| 700 | 1 | |a Löschel, Andreas |d 1971- |0 (DE-588)124821057 |0 (DE-627)366750070 |0 (DE-576)178622796 |4 oth | |
| 773 | 0 | 8 | |i In |t Wirtschaftsdienst |d Warsaw, Poland : Sciendo, 1916 |g 92(2012), 8, Seite 507-519 |h Online-Ressource |w (DE-627)348585373 |w (DE-600)2079503-8 |w (DE-576)099139170 |x 1613-978X |7 nnas |a Verteilungswirkungen des Erneuerbare-Energien-Gesetzes |
| 773 | 1 | 8 | |g volume:92 |g year:2012 |g number:8 |g pages:507-519 |g extent:13 |a Verteilungswirkungen des Erneuerbare-Energien-Gesetzes |
| 856 | 4 | 0 | |u http://dx.doi.org/10.1007/s10273-012-1413-0 |x Resolving-System |z kostenfrei |3 Volltext |
| 951 | |a AR | ||
| 992 | |a 20150218 | ||
| 993 | |a Article | ||
| 994 | |a 2012 | ||
| 998 | |g 124821057 |a Löschel, Andreas |m 124821057:Löschel, Andreas |d 180000 |d 181000 |d 700000 |d 729400 |e 180000PL124821057 |e 181000PL124821057 |e 700000PL124821057 |e 729400PL124821057 |k 0/180000/ |k 1/180000/181000/ |k 0/700000/ |k 1/700000/729400/ |p 6 | ||
| 999 | |a KXP-PPN1496465849 |e 2833186320 | ||
| BIB | |a Y | ||
| SER | |a journal | ||
| JSO | |a {"person":[{"display":"Techert, Holger","family":"Techert","role":"oth","given":"Holger"},{"display":"Löschel, Andreas","family":"Löschel","role":"oth","given":"Andreas"}],"title":[{"title_sort":"Verteilungswirkungen des Erneuerbare-Energien-Gesetzes","title":"Verteilungswirkungen des Erneuerbare-Energien-Gesetzes"}],"relHost":[{"disp":"Verteilungswirkungen des Erneuerbare-Energien-GesetzesWirtschaftsdienst","name":{"displayForm":["ZBW - Leibniz-Informationszentrum Wirtschaft"]},"pubHistory":["1. Jahrgang, Heft 7 (September 1916) [?]-"],"titleAlt":[{"title":"Wirtschaftsdienst <Heidelberg>"},{"title":"Wirtschaftspolitische Monatsschrift"}],"id":{"zdb":["2079503-8"],"hdl":["10419/40027"],"eki":["348585373"],"issn":["1613-978X"]},"recId":"348585373","note":["Jahrgänge sind teilweise unvollständig","Herausgebendes Organ teils: Deutsche Zentralbibliothek für Wirtschaftswissenschaften - Leibniz-Informationszentrum Wirtschaft (ZBW)","Gesehen am 20.02.2026","Fortsetzung der Druck-Ausgabe","Erscheint monatlich","Urh. 1971 - 2000,1: HWWA-Institut für Wirtschaftsforschung; 2000,2 - 2006: Hamburgisches Weltwirtschafts-Archiv (HWWA)"],"type":{"bibl":"periodical","media":"Online-Ressource"},"origin":[{"dateIssuedKey":"1916","publisherPlace":"Kiel ; Boston ; London ; Warsaw ; Hamburg ; Baden-Baden ; Heidelberg ; Warsaw, Poland","publisher":"ZBW - Leibniz-Informationszentrum Wirtschaft ; Paradigm Publishing Services ; Verl. Weltarchiv ; Nomos ; Springer ; Sciendo","dateIssuedDisp":"1916-"}],"language":["ger"],"physDesc":[{"extent":"Online-Ressource"}],"part":{"extent":"13","text":"92(2012), 8, Seite 507-519","volume":"92","year":"2012","pages":"507-519","issue":"8"},"corporate":[{"display":"ZBW - Leibniz-Informationszentrum Wirtschaft","role":"oth"},{"role":"isb","display":"Deutsche Zentralbibliothek für Wirtschaftswissenschaften Leibniz-Informationszentrum Wirtschaft"},{"display":"HWWA-Institut für Wirtschaftsforschung","role":"isb"},{"display":"Hamburgisches Welt-Wirtschafts-Archiv","role":"isb"}],"title":[{"title":"Wirtschaftsdienst","subtitle":"Zeitschrift für Wirtschaftspolitik","title_sort":"Wirtschaftsdienst"}]}],"physDesc":[{"extent":"13 S."}],"language":["ger"],"type":{"media":"Online-Ressource","bibl":"article-journal"},"origin":[{"dateIssuedKey":"2012","dateIssuedDisp":"2012"}],"note":["Gesehen am 18.02.2015"],"recId":"1496465849","id":{"doi":["10.1007/s10273-012-1413-0"],"eki":["1496465849"]},"name":{"displayForm":["Holger Techert, Judith Niehues, Hubertus Bardt, Erik Gawel, Klaas Korte, Andreas Löschel, Florens Flues, Peter Heindl"]}} | ||
| SRT | |a VERTEILUNG2012 | ||